Paesi con più siti "naturali" UNESCO - Statistics

Statistiche generali
  • Questo quiz è stato fatto 32 volte
  • Il punteggio medio è 18 su 19
Statistiche sulle risposte
N° di siti naturali N° totale di siti Continente Paese % Corretto
5 12 Americhe Argentina
100%
12 21 Oceania Australia
100%
9 25 Americhe Brasile
100%
15 60 Asia Cina
100%
7 54 Europa Francia
100%
5 26 Asia Giappone
100%
7 44 Asia India
100%
6 61 Europa Italia
100%
6 36 Americhe Messico
100%
11 33 Europa/Asia Russia
100%
4 50 Europa Spagna
100%
12 26 Americhe Stati Uniti
100%
4 12 Africa Sudafrica
100%
11 22 Americhe Canada
96%
5 35 Europa Regno Unito
96%
4 13 Europa Svizzera
85%
4 10 Asia Indonesia
81%
4 12 Europa Danimarca
77%
5 5 Africa Rep. Dem. del Congo
73%
Nessun quiz corrispondente trovato
Distribuzione punteggi
Percentuale di utenti per punteggio
Percentile per numero di risposta
I tuoi punteggi nel tempo
Non hai fatto questo quiz